[Event "15. Offene HH Senioren EM 2008"]
[Site "Hamburg"]
[Date "2008.11.04"]
[Round "9.2"]
[White "Gollasch, Theo Heinz"]
[Black "Jacoby, Gisbert"]
[Result "1/2-1/2"]
[WhiteElo "2109"]
[BlackElo "2186"]
[PlyCount "34"]
[EventDate "2008.??.??"]
[WhiteTeam "Hamburger SK von 1830 eV"]
[BlackTeam "Koenigsspr.SC.1984 e.V."]

1. d4 d5 2. Nf3 c6 3. Bf4 Qb6 4. b3 Bf5 5. e3 e6 6. Bd3 a5 7. Bxf5 exf5 8. O-O
Nd7 9. Qd3 g6 10. c4 Ngf6 11. Nc3 Qa6 12. Ne5 Bb4 13. Nxd7 Nxd7 14. a3 Bxc3 15.
Qxc3 O-O 16. cxd5 cxd5 17. Rac1 Nb6 1/2-1/2

[Event "15. Offene HH Senioren EM 2008"]
[Site "Hamburg"]
[Date "2008.11.04"]
[Round "9.3"]
[White "Schulz, Hans Juergen"]
[Black "Gehrke, Rolf"]
[Result "1/2-1/2"]
[WhiteElo "2015"]
[BlackElo "2052"]
[PlyCount "45"]
[EventDate "2008.??.??"]
[WhiteTeam "Hamburger SK von 1830 eV"]
[BlackTeam "SC Concordia SAbt Palamedes"]

1. e4 c5 2. b4 cxb4 3. Bb2 d5 4. exd5 Qxd5 5. d4 Nf6 6. c4 bxc3 7. Nxc3 Qa5 8.
Bc4 e6 9. a3 Bd6 10. Nf3 Nbd7 11. O-O O-O 12. Nb5 Bf4 13. Bc3 Qb6 14. a4 a6 15.
a5 Qc6 16. Na3 b5 17. axb6 Nxb6 18. Ne5 Bxe5 19. dxe5 Bb7 20. f3 Nxc4 21. exf6
Nxa3 22. Qd2 Qd5 23. Qxd5 1/2-1/2

[Event "15. Offene HH Senioren EM 2008"]
[Site "Hamburg"]
[Date "2008.11.04"]
[Round "9.4"]
[White "Strenzke, Guenter"]
[Black "Soltau, Achim"]
[Result "1-0"]
[WhiteElo "1976"]
[BlackElo "1950"]
[PlyCount "63"]
[EventDate "2008.??.??"]
[WhiteTeam "SV Großhansdorf"]
[BlackTeam "SK Johanneum Eppendorf"]

1. d4 d5 2. c4 e6 3. Nc3 c5 4. e3 Nf6 5. Nf3 a6 6. a4 cxd4 7. exd4 Be7 8. Bd3
dxc4 9. Bxc4 O-O 10. O-O Qc7 11. Qe2 Nc6 12. Bg5 Nb4 13. Rac1 Qa5 14. Rfd1 h6
15. Bh4 Qh5 16. Ne4 Qg6 17. Ne5 Qh7 18. Nxf6+ Bxf6 19. Bxf6 gxf6 20. Ng4 Qg7
21. Rc3 Rd8 22. Rh3 e5 23. Rg3 Kf8 24. Nxe5 Qh7 25. Nxf7 Re8 26. Qh5 Be6 27.
Qc5+ Kxf7 28. Qxb4 Rad8 29. Qxb7+ Re7 30. Bxe6+ Kxe6 31. Re3+ Kd6 32. Qxa6+ 1-0

[Event "15. Offene HH Senioren EM 2008"]
[Site "Hamburg"]
[Date "2008.11.04"]
[Round "9.5"]
[White "Weiss, Siegfried"]
[Black "Brueckner, Gerhard"]
[Result "0-1"]
[WhiteElo "2056"]
[BlackElo "1867"]
[PlyCount "62"]
[EventDate "2008.??.??"]
[WhiteTeam "Koenigsspr.SC.1984 e.V."]
[BlackTeam "Pinneberger SC 1932 eV"]

1. e3 e5 2. c4 c5 3. Nc3 Nf6 4. Nf3 Nc6 5. d3 d6 6. Be2 Be7 7. a3 O-O 8. Bd2
Ne8 9. Nd5 f5 10. Bc3 Nf6 11. b4 Nxd5 12. cxd5 Nb8 13. Qb3 Na6 14. b5 Nc7 15.
a4 Qe8 16. Nd2 Qg6 17. Bf3 Ne8 18. e4 Qh6 19. Nc4 Nf6 20. Bd2 Qg6 21. Nxe5 Qe8
22. Nc4 fxe4 23. dxe4 Nxe4 24. O-O Nxd2 25. Nxd2 Qg6 26. Rae1 Bf6 27. Nc4 Bd4
28. Be4 Bf5 29. Bxf5 Rxf5 30. Re6 Qg5 31. Nxd6 Rxf2 0-1

[Event "15. Offene HH Senioren EM 2008"]
[Site "Hamburg"]
[Date "2008.11.04"]
[Round "9.6"]
[White "Ristic, Sreten"]
[Black "Gette, Viktor"]
[Result "1-0"]
[WhiteElo "1937"]
[BlackElo "1500"]
[PlyCount "111"]
[EventDate "2008.??.??"]
[WhiteTeam "Altonaer SK 1873 eV"]
[BlackTeam "Koenigsspr.SC.1984 e.V."]

1. e4 e6 2. d4 d5 3. Nd2 c5 4. c3 Nc6 5. exd5 Qxd5 6. dxc5 Bxc5 7. Ngf3 Nf6 8.
Be2 O-O 9. O-O b6 10. a3 Bb7 11. Nb3 Be7 12. Qxd5 Nxd5 13. Rd1 Rad8 14. c4 Nf6
15. h3 Rd7 16. Nbd2 Rfd8 17. b4 Nd4 18. Nxd4 Rxd4 19. Nb3 R4d7 20. Be3 h6 21.
Rdc1 Ba6 22. b5 Bb7 23. a4 Ne4 24. a5 Nc5 25. Rcb1 Be4 26. Nxc5 Bxc5 27. Rb3
Bxe3 28. Rxe3 Bb7 29. axb6 axb6 30. g4 Kf8 31. h4 Ke7 32. f4 f6 33. Kf2 Ra8 34.
Re1 Ra2 35. Kg3 Rad2 36. g5 hxg5 37. fxg5 f5 38. h5 Kf7 39. Kf4 R2d4+ 40. Ke5
f4 41. Rf1 f3 42. Bxf3 Bxf3 43. Rexf3+ Kg8 44. Rf8+ Kh7 45. Kxe6 Rc7 46. R1f5
g6 47. R5f7+ Rxf7 48. Rxf7+ Kg8 49. hxg6 Rxc4 50. Rb7 Rc5 51. Kf6 Rc8 52. g7
Kh7 53. Rxb6 Rd8 54. Re6 Rb8 55. b6 Kg8 56. b7 1-0

[Event "15. Offene HH Senioren EM 2008"]
[Site "Hamburg"]
[Date "2008.11.04"]
[Round "9.7"]
[White "Voss, Werner"]
[Black "Dangelowski, Peter"]
[Result "0-1"]
[WhiteElo "1857"]
[BlackElo "1791"]
[PlyCount "86"]
[EventDate "2008.??.??"]
[WhiteTeam "SK Caissa Rahlstedt"]
[BlackTeam "Pinneberger SC 1932 eV"]

1. d4 d5 2. c4 e6 3. e3 Nf6 4. Nc3 c6 5. Nf3 Nbd7 6. b3 Bb4 7. Bd2 O-O 8. Bd3
Re8 9. a3 Bd6 10. cxd5 exd5 11. Qc2 h6 12. O-O Qe7 13. e4 dxe4 14. Nxe4 Nxe4
15. Rae1 f5 16. g4 Ndf6 17. gxf5 Bxf5 18. Ne5 Bxe5 19. dxe5 Qxe5 20. f3 {(=)}
Qd6 21. fxe4 Nxe4 22. Qc4+ Kh8 23. Bxe4 Bxe4 24. Bf4 Qg6+ 25. Bg3 Bd5 26. Qc3
h5 27. Qb4 Qc2 28. Bf2 a5 29. Qh4 Qg6+ 30. Bg3 Bxb3 31. Rb1 Bd5 32. Rbe1 Re4
33. Rxe4 Bxe4 34. Rf4 Bf5 35. Qe7 b5 36. Kf2 Re8 37. Qc5 Bg4 38. Qc1 Re2+ 39.
Kg1 Rc2 40. Qe1 Rb2 41. Rf1 Be2 42. Rf8+ Kh7 43. Kf2 Bc4+ 0-1

[Event "15. Offene HH Senioren EM 2008"]
[Site "Hamburg"]
[Date "2008.11.04"]
[Round "9.8"]
[White "Hadenfeldt, Klaus"]
[Black "Schierholz, Guenter"]
[Result "1/2-1/2"]
[WhiteElo "1773"]
[BlackElo "1871"]
[PlyCount "100"]
[EventDate "2008.??.??"]
[WhiteTeam "Hamburger SK von 1830 eV"]
[BlackTeam "Koenigsspr.SC.1984 e.V."]

1. d4 d5 2. c4 c6 3. cxd5 cxd5 4. Nf3 Nf6 5. Nc3 Nc6 6. Bf4 a6 7. e3 e6 8. a3
Bd6 9. Bxd6 Qxd6 10. Bd3 b5 11. b4 Bb7 12. Rc1 Rc8 13. O-O O-O 14. Qe2 Ne7 15.
Nd2 e5 16. dxe5 Qxe5 17. Nf3 Qd6 18. Nd4 Rc7 19. Rc2 Qd7 20. h3 Rfc8 21. Rfc1
Ne4 22. Qe1 Nd6 23. Nb3 Nc4 24. Nc5 Qd6 25. Bxc4 dxc4 26. Nxb7 Rxb7 27. Rd1 Qb6
28. Rcd2 h6 29. Ne4 Rbb8 30. Nc5 Ra8 31. Rd6 Rc6 32. Rd7 Rc7 33. R7d6 Nc6 34.
Qc3 Re8 35. Qc2 Rce7 36. Qf5 Rd8 37. Qd5 Rxd6 38. Qxd6 Qc7 39. Qxc7 Rxc7 40.
Kf1 a5 41. Rb1 axb4 42. axb4 Ra7 43. Rb2 Ra3 44. Ke2 c3 45. Rb3 Rxb3 46. Nxb3
Nxb4 47. Nd4 c2 48. Kd2 c1=Q+ 49. Kxc1 Nd3+ 50. Kd2 Nxf2 1/2-1/2

[Event "15. Offene HH Senioren EM 2008"]
[Site "Hamburg"]
[Date "2008.11.04"]
[Round "9.9"]
[White "Bahr, Peter"]
[Black "Raedisch, Peter"]
[Result "1-0"]
[WhiteElo "2028"]
[BlackElo "1817"]
[PlyCount "79"]
[EventDate "2008.??.??"]
[WhiteTeam "SF Sasel 1947"]
[BlackTeam "SF Hamburg eV 1934"]

1. d4 d5 2. Nf3 Nf6 3. c4 dxc4 4. e3 b5 5. b3 e6 6. bxc4 b4 7. Bd3 Be7 8. e4
O-O 9. O-O h6 10. e5 Nh7 11. Be4 c6 12. Qd3 Ng5 13. Nxg5 Bxg5 14. f4 Be7 15.
Bb2 Qc7 16. Qf3 Bd7 17. Nd2 a5 18. Rac1 f5 19. exf6 Bxf6 20. Bc2 Qd6 21. Qe4
Na6 22. Nf3 Kf7 23. Ne5+ Ke8 24. Qg6+ Ke7 25. Rcd1 Be8 26. Qe4 Kd8 27. d5 exd5
28. cxd5 c5 29. Rfe1 Bb5 30. Nc6+ Kc7 31. Be5 Bxe5 32. fxe5 Qd7 33. d6+ Kb6 34.
Ne7 Qe6 35. Nd5+ Ka7 36. Bd3 Bxd3 37. Qxd3 Kb8 38. Qb5+ Kc8 39. Nb6+ Kd8 40.
Nxa8 1-0

[Event "15. Offene HH Senioren EM 2008"]
[Site "Hamburg"]
[Date "2008.11.04"]
[Round "9.10"]
[White "Zippert, Georg"]
[Black "Diehl, Walter"]
[Result "0-1"]
[WhiteElo "1929"]
[BlackElo "1931"]
[PlyCount "100"]
[EventDate "2008.??.??"]
[WhiteTeam "SF Hamburg eV 1934"]
[BlackTeam "Altonaer SK 1873 eV"]

1. e4 c5 2. Nf3 d6 3. d4 cxd4 4. Nxd4 Nf6 5. Nc3 g6 6. Be3 Bg7 7. Be2 Bd7 8. f3
Qb6 9. Qd2 Qb4 10. O-O-O Nc6 11. a3 Qa5 12. Nb3 Qd8 13. h3 a6 14. g4 b5 15. g5
Nh5 16. Nd5 Rb8 17. Bf2 Ne5 18. c3 Nc4 19. Qc2 e6 20. Ne3 Qxg5 21. Bxc4 bxc4
22. Nd2 d5 23. h4 Qd8 24. exd5 exd5 25. Nxd5 Bh6 26. Be3 Bxe3 27. Nxe3 O-O 28.
Ndxc4 Qc7 29. Rhg1 Be6 30. Rd4 Rb5 31. Nd6 Rb6 32. Nec4 Rc6 33. Qe2 Ng7 34. f4
Rd8 35. Rd2 Bxc4 36. Nxc4 Rd4 37. Rxd4 Nf5 38. Re4 Ng3 39. Re8+ Kg7 40. Qe5+
Qxe5 41. Rxe5 Rxc4 42. Ra5 Rc6 43. Kd2 h5 44. Kd3 Nf5 45. c4 Nxh4 46. b4 Nf5
47. Rd5 h4 48. b5 axb5 49. cxb5 Rb6 50. Kc4 Ne3+ 0-1

[Event "15. Offene HH Senioren EM 2008"]
[Site "Hamburg"]
[Date "2008.11.04"]
[Round "9.11"]
[White "Stubbe, Werner"]
[Black "Marquardt, Rolf"]
[Result "1-0"]
[WhiteElo "1723"]
[BlackElo "1778"]
[PlyCount "87"]
[EventDate "2008.??.??"]
[WhiteTeam "Niendorfer TSV 1919 SAbt"]
[BlackTeam "Langenhorner SF 1928"]

1. e4 e6 2. d3 d5 3. Nd2 Nf6 4. Ngf3 c5 5. g3 Nc6 6. Bg2 Be7 7. O-O O-O 8. e5
Nd7 9. Re1 Qc7 10. Qe2 Re8 11. Nf1 Nf8 12. h4 f6 13. exf6 Bxf6 14. c3 Bd7 15.
Bg5 Qd8 16. Ne3 h6 17. Bxf6 Qxf6 18. Ng4 Qd8 19. Nge5 Qc7 20. Bh3 Nxe5 21. Nxe5
Bc6 22. d4 c4 23. Qh5 Re7 24. Re3 Be8 25. Qe2 Qb6 26. Re1 Rd8 27. f4 Rd6 28. h5
Qa6 29. g4 Qxa2 30. g5 Rb6 31. Qg4 Rxb2 32. gxh6 Rh2 33. Qg3 Rb2 34. Qg5 Rh2
35. Ng4 Rxh3 36. Rxh3 Qa3 37. Nf6+ Kh8 38. Rg3 g6 39. Nxd5 Rd7 40. Qe5+ Kh7 41.
Nf6+ Kxh6 42. Nxd7 Bxd7 43. Qh8+ Nh7 44. Rxg6+ 1-0

[Event "15. Offene HH Senioren EM 2008"]
[Site "Hamburg"]
[Date "2008.11.04"]
[Round "9.12"]
[White "Bobzin, Volker"]
[Black "Cassens, Erhard Otto"]
[Result "0-1"]
[WhiteElo "1476"]
[BlackElo "1785"]
[PlyCount "96"]
[EventDate "2008.??.??"]
[WhiteTeam "Schachfreunde Hamburg v. 1934 eV"]
[BlackTeam "SAbt SV Lurup Hamb. 1923"]

1. d4 e6 2. c4 f5 3. Nf3 Nf6 4. e3 Be7 5. Nc3 O-O 6. Bd3 d6 7. O-O Qe8 8. Bd2
Nc6 9. a3 e5 10. dxe5 dxe5 11. Be2 e4 12. Nd4 Ne5 13. f3 c5 14. Nc2 Be6 15. b3
Rd8 16. Ne1 Bd6 17. f4 Neg4 18. h3 Nh6 19. Rf2 Bb8 20. g3 Rf7 21. Ng2 Rfd7 22.
Bf1 Bf7 23. Ra2 Bh5 24. Qe1 Bf3 25. Nh4 Bh5 26. Be2 Bxe2 27. Rxe2 Rd3 28. Bc1
Qh5 29. Rad2 g5 30. Nxf5 Nxf5 31. g4 Qh4 32. gxf5 Qxe1+ 33. Rxe1 Rxd2 34. Bxd2
Rxd2 35. fxg5 Be5 36. Rc1 Bxc3 37. Rxc3 Nd7 38. g6 hxg6 39. fxg6 Ne5 40. Rc1
Kg7 41. Kf1 Kxg6 42. b4 Rh2 43. Rc3 Nd3 44. b5 Rxh3 45. Rc2 Rxe3 46. Rg2+ Kf6
47. Rc2 Rf3+ 48. Kg2 Nf4+ 0-1

[Event "15. Offene HH Senioren EM 2008"]
[Site "Hamburg"]
[Date "2008.11.04"]
[Round "9.13"]
[White "Seemann, Hans Siegfried"]
[Black "Zimmermann, Manfred"]
[Result "0-1"]
[WhiteElo "1779"]
[BlackElo "1879"]
[PlyCount "104"]
[EventDate "2008.??.??"]
[WhiteTeam "Koenigsspr.SC.1984 e.V."]
[BlackTeam "Pinneberger SC 1932 eV"]

1. e4 c5 2. Nf3 d6 3. Nc3 Nf6 4. d4 cxd4 5. Nxd4 a6 6. Be2 e5 7. Nb3 Be7 8. Be3
Be6 9. O-O Nbd7 10. Nd2 O-O 11. Nf3 Rc8 12. h3 Nb6 13. Ng5 Bc4 14. Bxb6 Qxb6
15. b3 Bxe2 16. Nxe2 h6 17. Nf3 Nxe4 18. Qd3 Qc6 19. c4 f5 20. Nh2 Rcd8 21.
Rad1 Kh8 22. Nc3 Nxc3 23. Qxc3 e4 24. Rd5 Bf6 25. Qe3 Be5 26. f4 Bb2 27. g4 Ba3
28. Kg2 Bc5 29. Qe2 Rde8 30. gxf5 e3 31. Nf3 Rf6 32. Nh4 b5 33. Kh2 bxc4 34.
bxc4 Qb7 35. Rg1 Rb8 36. Rg2 Qb1 37. Qg4 Qb7 38. Qe2 Kh7 39. Qc2 Qe7 40. Rd1
Re8 41. Qe2 Rb8 42. Rdg1 Rg8 43. Qh5 Qe4 44. Ng6 Qe8 45. Qg4 Qf7 46. Qe2 d5 47.
Rc1 d4 48. Rcg1 Qd7 49. Nh4 d3 50. Qb2 e2 51. Rxg7+ Rxg7 52. Ng6 Bxg1+ 0-1

[Event "15. Offene HH Senioren EM 2008"]
[Site "Hamburg"]
[Date "2008.11.04"]
[Round "9.14"]
[White "Hermann, Armin"]
[Black "Keuneke, Hanno"]
[Result "1/2-1/2"]
[WhiteElo "1756"]
[BlackElo "1694"]
[PlyCount "41"]
[EventDate "2008.??.??"]
[WhiteTeam "Ahrensburger TSV"]
[BlackTeam "Langenhorner SF 1928"]

1. Nf3 Nf6 2. d4 g6 3. c4 Bg7 4. Nc3 O-O 5. e3 d6 6. Be2 Re8 7. O-O b6 8. b4
Bb7 9. Bb2 Nbd7 10. Qc2 e5 11. dxe5 Nxe5 12. Nxe5 dxe5 13. Rfd1 Qe7 14. a3 Rad8
15. e4 Rxd1+ 16. Rxd1 Rd8 17. Rxd8+ Qxd8 18. Qd3 Qxd3 19. Bxd3 c6 20. f3 Ne8
21. Kf1 1/2-1/2

[Event "15. Offene HH Senioren EM 2008"]
[Site "Hamburg"]
[Date "2008.11.04"]
[Round "9.15"]
[White "Baumann, Siegfried"]
[Black "Klinkow, Alexander"]
[Result "0-1"]
[WhiteElo "1544"]
[BlackElo "1617"]
[PlyCount "112"]
[EventDate "2008.??.??"]
[WhiteTeam "SK Caissa Rahlstedt"]
[BlackTeam "SF Wedel"]

1. e4 e6 2. f4 d5 3. e5 c5 4. d4 Nc6 5. Nf3 Bd7 6. c4 Nge7 7. Nc3 Nf5 8. cxd5
Ncxd4 9. dxe6 Bxe6 10. Bb5+ Bd7 11. Ba4 Be7 12. O-O b5 13. Bc2 Bc6 14. Bxf5
Nxf5 15. Qe2 Qb6 16. Ne4 O-O 17. Be3 Bxe4 18. Ng5 Nxe3 19. Nxe4 Nxf1 20. Rxf1
c4+ 21. Kh1 Rad8 22. f5 Qd4 23. f6 gxf6 24. exf6 Bxf6 25. Nxf6+ Kh8 26. h3 Qd3
27. Qf2 Rd6 28. Kh2 Qg6 29. h4 Kg7 30. h5 Qg5 31. Ne4 Qxh5+ 32. Kg1 Rg6 33.
Qd4+ f6 34. Nd6 Qe5 35. Qxa7+ Kg8 36. Nf5 Re8 37. Qd7 Qc5+ 38. Kh1 Re5 39. Qd8+
Qf8 40. Qd7 Qe7 41. Qd2 Rg5 42. Nh4 Rh5 43. g3 Qb7+ 44. Kh2 Qd5 45. Qf4 Re2+
46. Kh3 Qe6+ 47. g4 Qe3+ 48. Qf3 Qxf3+ 49. Rxf3 Rd5 50. b3 Rd3 51. bxc4 Rxf3+
52. Nxf3 bxc4 53. a4 c3 54. Nd4 Ra2 55. Kg3 c2 56. Ne2 Ra1 0-1

[Event "15. Offene HH Senioren EM 2008"]
[Site "Hamburg"]
[Date "2008.11.04"]
[Round "9.16"]
[White "Bartlitz, Heinz"]
[Black "Werner, Joern"]
[Result "0-1"]
[WhiteElo "1841"]
[BlackElo "1579"]
[PlyCount "80"]
[EventDate "2008.??.??"]
[WhiteTeam "Bramfelder SK 1947"]
[BlackTeam "SK Wilhelmsburg 1936 eV"]

1. e4 e5 2. Nf3 Nc6 3. Bb5 d6 4. c3 Bd7 5. d3 Be7 6. h3 h6 7. Nbd2 Nf6 8. Nf1
a6 9. Ba4 Nh7 10. Ng3 b5 11. Bc2 Qc8 12. a3 O-O 13. O-O Nd8 14. Be3 Ne6 15. Nf5
Bf6 16. d4 Neg5 17. Nxg5 Bxf5 18. Nxh7 Bxh7 19. f4 exd4 20. Bxd4 Bxd4+ 21. Qxd4
Qb7 22. Rf2 Rad8 23. Re1 Rfe8 24. e5 Bxc2 25. Rxc2 dxe5 26. Qe4 Qb6+ 27. Qe3
Qxe3+ 28. Rxe3 exf4 29. Rf3 g5 30. g3 Rd1+ 31. Kf2 fxg3+ 32. Kxg3 Ree1 33. Rff2
Kg7 34. Rf3 Kg6 35. Rcf2 Rg1+ 36. Rg2 Rxg2+ 37. Kxg2 Rd2+ 38. Kg3 Rxb2 39. h4
Rb3 40. hxg5 hxg5 0-1

[Event "15. Offene HH Senioren EM 2008"]
[Site "Hamburg"]
[Date "2008.11.04"]
[Round "9.17"]
[White "Warneke, Perygrin"]
[Black "Nendza, Jan"]
[Result "1/2-1/2"]
[WhiteElo "1352"]
[BlackElo "1467"]
[PlyCount "92"]
[EventDate "2008.??.??"]
[WhiteTeam "SF Sasel 1947"]
[BlackTeam "SAbt Gehörlosen SPV 04"]

1. d4 d5 2. Nf3 e6 3. c4 dxc4 4. e3 b5 5. a4 c6 6. axb5 cxb5 7. b3 Qc7 8. bxc4
bxc4 9. Qa4+ Bd7 10. Qxc4 Qxc4 11. Bxc4 Bb4+ 12. Bd2 Bxd2+ 13. Nbxd2 Ne7 14.
O-O f6 15. Bd3 O-O 16. Rfc1 Rc8 17. Nb3 Rxc1+ 18. Rxc1 Nbc6 19. Ba6 Kf7 20. Nc5
Bc8 21. Bb7 Bxb7 22. Nxb7 Rb8 23. Nd6+ Kf8 24. h4 Rd8 25. Ne4 a5 26. Nc5 Kf7
27. Ra1 Ra8 28. Nd2 Nd5 29. Nc4 Ke7 30. Rb1 Ndb4 31. Na4 Ra7 32. Ncb6 Ra6 33.
Rd1 g6 34. d5 exd5 35. Nxd5+ Nxd5 36. Rxd5 Ra7 37. Rb5 Kd6 38. g3 Kc7 39. Kf1
Rb7 40. Rb2 Rb4 41. Rxb4 axb4 42. Nb2 Kb6 43. Ke2 Kb5 44. Kd2 Ne5 45. f4 Nc4+
46. Nxc4 Kxc4 1/2-1/2

[Event "15. Offene HH Senioren EM 2008"]
[Site "Hamburg"]
[Date "2008.11.04"]
[Round "9.18"]
[White "Scheinpflug, Michael"]
[Black "Lubisch, Gerwalt"]
[Result "1/2-1/2"]
[WhiteElo "1814"]
[BlackElo "1472"]
[PlyCount "48"]
[EventDate "2008.??.??"]
[WhiteTeam "SF Wedel"]
[BlackTeam "SVG Blankenese"]

1. d4 d5 2. c4 e5 3. e3 exd4 4. Qxd4 Nc6 5. Qxd5 Qxd5 6. cxd5 Nb4 7. Na3 Nxd5
8. Nc2 Bf5 9. Nd4 Bb4+ 10. Bd2 Bxd2+ 11. Kxd2 Bg6 12. Bd3 Nge7 13. Bxg6 Nxg6
14. g3 Rd8 15. Ke2 O-O 16. Ngf3 Rfe8 17. Rhe1 c5 18. Nc2 Nf6 19. Rad1 Rc8 20.
Rd2 Ng4 21. Rd7 Re7 22. Red1 Nf6 23. Rd8+ Re8 24. Rxc8 Rxc8 1/2-1/2

[Event "15. Offene HH Senioren EM 2008"]
[Site "Hamburg"]
[Date "2008.11.04"]
[Round "9.19"]
[White "Horstmann, Axel"]
[Black "Meyer, Hans-Georg"]
[Result "1/2-1/2"]
[WhiteElo "1581"]
[BlackElo "1358"]
[PlyCount "100"]
[EventDate "2008.??.??"]
[WhiteTeam "Hamburger SK von 1830 eV"]
[BlackTeam "Bramfelder SK 1947"]

1. e4 e6 2. d4 d5 3. Nd2 dxe4 4. Nxe4 b6 5. Be2 Bb7 6. Bf3 Qc8 7. Bf4 Be7 8.
Ne2 Nf6 9. N2c3 O-O 10. Nxf6+ Bxf6 11. Nb5 Na6 12. c3 Re8 13. O-O Be7 14. Re1
Rd8 15. Bxb7 Qxb7 16. Qg4 Kh8 17. Qg3 Rd7 18. Rad1 Rad8 19. b4 Bd6 20. Nxd6
cxd6 21. Rc1 b5 22. a3 Nc7 23. Bg5 Rf8 24. Bf4 Rfd8 25. Bg5 Rf8 26. c4 a6 27.
c5 dxc5 28. dxc5 Qc6 29. Bf4 f6 30. Bxc7 Rxc7 31. Rxe6 Qb7 32. Qd6 Rcc8 33.
Qxa6 Qxa6 34. Rxa6 Rfd8 35. Rb6 Rd3 36. Ra1 Rcd8 37. Kf1 Kg8 38. Rxb5 Rc3 39.
Ke1 Rc2 40. Rd1 Re8+ 41. Kf1 Ree2 42. Rb8+ Kf7 43. Rd7+ Kg6 44. Rg8 Rxf2+ 45.
Ke1 Rce2+ 46. Kd1 Kh6 47. Re7 Ra2 48. Ke1 Rxg2 49. Kf1 Rxh2 50. Kg1 Rhg2+
1/2-1/2

[Event "15. Offene HH Senioren EM 2008"]
[Site "Hamburg"]
[Date "2008.11.04"]
[Round "9.20"]
[White "Berking, Bernhard"]
[Black "Schleu, Günther"]
[Result "1-0"]
[WhiteElo "1526"]
[BlackElo "1254"]
[PlyCount "79"]
[EventDate "2008.??.??"]
[WhiteTeam "SVG Blankenese"]
[BlackTeam "Pinneberger SC 1932 eV"]

1. c4 c5 2. Nc3 Nc6 3. Nf3 e6 4. d4 cxd4 5. Nxd4 Be7 6. g3 a6 7. Bg2 Nf6 8. O-O
O-O 9. a3 Rb8 10. b4 b5 11. cxb5 Nxd4 12. Qxd4 axb5 13. Be3 d5 14. Bd2 Qd7 15.
Qd3 Ba6 16. Rad1 Rfc8 17. Bf4 Bd6 18. Bg5 Be7 19. e4 Qd8 20. exd5 Nxd5 21. Bxe7
Qxe7 22. Nxd5 exd5 23. Qxd5 Rd8 24. Qb3 Bb7 25. Rfe1 Qc7 26. Bxb7 Qxb7 27.
Rxd8+ Rxd8 28. Qe3 Qd7 29. f4 g6 30. Qe5 Qd3 31. Qe3 h5 32. Kf2 Kf8 33. Qxd3
Rxd3 34. Re3 Rxe3 35. Kxe3 Ke7 36. h3 f5 37. Kd3 Kd6 38. Kc3 Kc6 39. Kd4 Kd6
40. h4 1-0

[Event "15. Offene HH Senioren EM 2008"]
[Site "Hamburg"]
[Date "2008.11.04"]
[Round "9.21"]
[White "Hofmeier, Arthur"]
[Black "Kock, Rudolf"]
[Result "0-1"]
[WhiteElo "1420"]
[BlackElo "1474"]
[PlyCount "114"]
[EventDate "2008.??.??"]
[WhiteTeam "Hamburger SK von 1830 eV"]
[BlackTeam "SF Hamburg eV 1934"]

1. e4 c5 2. Nf3 g6 3. c3 Bg7 4. Bc4 Qc7 5. Qe2 e6 6. O-O a6 7. d4 b5 8. Bd3 c4
9. Bc2 Bb7 10. Be3 d6 11. Nbd2 Nd7 12. Ne1 Nb6 13. f4 Ne7 14. f5 exf5 15. exf5
f6 16. fxg6 hxg6 17. Qg4 g5 18. Be4 d5 19. Bc2 Qxh2+ 20. Kf2 Qh4+ 21. Qg3 Qxg3+
22. Kxg3 O-O-O 23. Ndf3 Kb8 24. Nh2 Bc8 25. Ng4 Bxg4 26. Kxg4 Rh4+ 27. Kf3 Rdh8
28. Kf2 Nbc8 29. Nf3 R4h5 30. g4 Rh3 31. Rg1 Nd6 32. Rg2 Kb7 33. Re1 Rh1 34.
Rgg1 Rxg1 35. Kxg1 Nec8 36. b4 Re8 37. a4 Ne4 38. axb5 axb5 39. Bd2 Ncd6 40.
Kg2 Ra8 41. Kf1 Ng3+ 42. Kg2 Nde4 43. Bxe4 Nxe4 44. Re2 Kc6 45. Nh2 Bf8 46. Nf1
Ra2 47. Kf3 Bd6 48. Rxe4 dxe4+ 49. Kxe4 Bf4 50. Bxf4 gxf4 51. Kf5 Rf2 52. Kxf6
Rxf1 53. g5 f3 54. g6 f2 55. g7 Rg1 56. g8=Q f1=Q+ 57. Ke7 Rxg8 0-1

[Event "15. Offene HH Senioren EM 2008"]
[Site "Hamburg"]
[Date "2008.11.04"]
[Round "9.22"]
[White "Graffenberger, Marianne"]
[Black "Funke, Hermann"]
[Result "1-0"]
[WhiteElo "1500"]
[BlackElo "1418"]
[PlyCount "125"]
[EventDate "2008.??.??"]
[WhiteTeam "Hamburger SK von 1830 eV"]
[BlackTeam "SK Johanneum Eppendorf"]

1. e4 e5 2. Nf3 Nc6 3. d4 exd4 4. Nxd4 Bc5 5. Be3 Nf6 6. Nxc6 bxc6 7. Bxc5 d6
8. Bd4 O-O 9. Bd3 Re8 10. Nd2 c5 11. Be3 c6 12. c4 Rb8 13. b3 Ng4 14. Bf4 Qf6
15. Bg3 Qd4 16. Nf3 Qc3+ 17. Kf1 Qf6 18. h3 Qh6 19. Qd2 Qf6 20. Re1 Ne5 21.
Nxe5 dxe5 22. Kg1 Qd6 23. Kh2 Re6 24. Rhf1 Rg6 25. f4 Rxg3 26. Kxg3 Rb7 27. f5
Rd7 28. Re3 Qh6 29. Rff3 Qg5+ 30. Kh2 Qd8 31. Qc3 f6 32. Bc2 Rd4 33. Rd3 Qc7
34. g3 Bd7 35. Rxd4 cxd4 36. Qd3 c5 37. Qd2 a5 38. a3 Qb6 39. g4 h6 40. h4 Be8
41. g5 Kh7 42. g6+ Kg8 43. b4 axb4 44. axb4 Qa6 45. b5 Qa2 46. Rb3 Kf8 47. Qd3
Ke7 48. Ra3 Qb2 49. Ra7+ Kf8 50. Rc7 Qc1 51. b6 Qf4+ 52. Qg3 Qd2+ 53. Qg2 Qa5
54. Bd3 Qxb6 55. Rc8 Ke7 56. Qa2 Qb4 57. Qa7+ Bd7 58. Qxc5+ Qxc5 59. Rxc5 Kd6
60. Ra5 Kc6 61. Ra7 Kd6 62. Kg2 Bc6 63. Rxg7 1-0

[Event "15. Offene HH Senioren EM 2008"]
[Site "Hamburg"]
[Date "2008.11.04"]
[Round "9.23"]
[White "Peters, Reiner"]
[Black "Soerens, Meno"]
[Result "1-0"]
[WhiteElo "1457"]
[BlackElo "1479"]
[PlyCount "67"]
[EventDate "2008.??.??"]
[WhiteTeam "SK Caissa Rahlstedt"]
[BlackTeam "Schachfreunde Hamburg v. 1934 eV"]

1. d4 d5 2. Bf4 e6 3. e3 Nf6 4. Bd3 Bd6 5. Bg5 Be7 6. Nd2 Nbd7 7. Ngf3 c5 8. c3
c4 9. Bc2 b5 10. a3 a5 11. Ne5 Nxe5 12. dxe5 Nd7 13. Bxe7 Qxe7 14. f4 a4 {(=)}
15. O-O O-O 16. Nf3 f6 17. Kh1 fxe5 18. Bxh7+ Kxh7 19. Ng5+ Kh6 20. Rf3 exf4
21. exf4 Rxf4 22. Rxf4 Qxg5 23. Rg4 Qe7 24. Qc2 Ne5 25. Rg3 Nd3 26. Rh3+ Kg6
27. Rf1 e5 28. Rg3+ Kh7 29. Qe2 g6 30. Rgf3 Be6 31. g4 e4 32. Rh3+ Kg7 33. Qe3
Rh8 34. Qd4+ 1-0

[Event "15. Offene HH Senioren EM 2008"]
[Site "Hamburg"]
[Date "2008.11.04"]
[Round "9.24"]
[White "Ramm, Helga"]
[Black "Manowski, Werner"]
[Result "0-1"]
[WhiteElo "919"]
[BlackElo "1403"]
[PlyCount "20"]
[EventDate "2008.??.??"]
[WhiteTeam "Niendorfer TSV 1919 SAbt"]
[BlackTeam "Langenhorner SF 1928"]

1. Nf3 e6 2. d4 Nf6 3. Bg5 h6 4. Bxf6 Qxf6 5. Nc3 Bb4 6. a3 Ba5 7. b4 Bb6 8. e3
O-O 9. Bd3 a6 10. Ne4 Qe7 0-1

[Event "15. Offene HH Senioren EM 2008"]
[Site "Hamburg"]
[Date "2008.11.04"]
[Round "9.24"]
[White "Ramm, Helga"]
[Black "Manowski, Werner"]
[Result "0-1"]
[WhiteElo "919"]
[BlackElo "1403"]
[PlyCount "82"]
[EventDate "2008.??.??"]
[WhiteTeam "Niendorfer TSV 1919 SAbt"]
[BlackTeam "Langenhorner SF 1928"]

1. Nf3 e6 2. d4 Nf6 3. Bg5 h6 4. Bxf6 Qxf6 5. Nc3 Bb4 6. a3 Ba5 7. e3 a6 8. b4
Bb6 9. Bd3 O-O 10. O-O d6 11. Ne4 Qe7 12. Re1 f5 13. Ng3 Bd7 14. Nh5 Bb5 15. c4
Be8 16. Nd2 Nd7 17. Nf4 c6 18. Be2 Nf6 19. c5 Bc7 20. Bc4 d5 21. Be2 Qf7 22.
Nh5 Nxh5 23. Bxh5 Qxh5 24. Qxh5 Bxh5 25. Rf1 Rf6 26. f3 Raf8 27. Rf2 e5 28.
Raf1 exd4 29. exd4 Bf4 30. Re1 Re8 31. Rfe2 Rxe2 32. Rxe2 Bxd2 33. Rxd2 Re6 34.
Kf2 Kf7 35. h3 f4 36. g4 fxg3+ 37. Kxg3 Re3 38. Kh4 Bxf3 39. Rf2 g5+ 40. Kg3
Kg6 41. a4 Bd1+ 0-1